[Event "ROM-ch U10 Boys"]
[Site "Voineasa"]
[Date "2008.04.14"]
[Round "4"]
[White "Axinia, Claudiu Andrei"]
[Black "Dolana, Andrei Theodor"]
[Result "1-0"]
[WhiteElo "537"]
[BlackElo "722"]
[PlyCount "129"]
[EventDate "2008.04.08"]
[EventType "swiss"]
[EventRounds "9"]
[EventCountry "ROU"]
[SourceTitle "EXT 2013"]
[Source "ChessBase"]
[SourceDate "2012.11.22"]
[SourceVersion "1"]
[SourceVersionDate "2012.11.22"]
[SourceQuality "1"]

1. e4 e5 2. Nf3 Nc6 3. Bc4 Bc5 4. 0-0 d6 5. h3 Be6 6. Bxe6 fxe6 7. Nc3 Nf6 8. d3 Qd7 9. Be3 Bb6 10. Bxb6 axb6 11. d4 exd4 12. Nxd4 0-0 13. a3 Ne5 14. f4 Ng6 15. Qe2 Rf7 16. Nb3 e5 17. fxe5 Nxe5 18. Nd5 Raf8 19. Nxf6+ Rxf6 20. Rae1 Qf7 21. Nd2 Qa2 22. Qb5 Qe6 23. Qd5 c6 24. Qxe6+ Rxe6 25. Rxf8+ Kxf8 26. Kf2 Ke7 27. Re3 Nd7 28. Rg3 g6 29. Rg4 Nf6 30. Rf4 Re5 31. Kf3 Ke6 32. Nc4 Rc5 33. Nxd6 Rxc2 34. Nxb7 Rxb2 35. Nd8+ Kd7 36. Rxf6 Kxd8 37. Rxc6 Rb3+ 38. Kf2 Kd7 39. Rf6 Ke7 40. Rf3 Rxf3+ 41. Kxf3 b5 42. Ke3 Ke6 43. Kd4 Kd6 44. e5+ Kc6 45. Kc3 Kc5 46. e6 Kd6 47. Kb4 Kxe6 48. Kxb5 Kf5 49. a4 Kf4 50. a5 Kg3 51. a6 Kxg2 52. a7 Kxh3 53. a8Q h5 54. Qh1+ Kg4 55. Kc4 h4 56. Qh2 g5 57. Kd3 Kf3 58. Kd2 g4 59. Qxh4 g3 60. Qh1+ Kf2 61. Qe1+ Kg2 62. Ke2 Kh2 63. Kf3 g2 64. Qf2 Kh3 65. Qxg2+ 1-0

[Event "ROM-ch U10 Boys"]
[Site "Voineasa"]
[Date "2008.04.13"]
[Round "3"]
[White "Gheorghe, Darius Daniel"]
[Black "Axinia, Claudiu Andrei"]
[Result "0-1"]
[WhiteElo "693"]
[BlackElo "537"]
[PlyCount "118"]
[EventDate "2008.04.08"]
[EventType "swiss"]
[EventRounds "9"]
[EventCountry "ROU"]
[SourceTitle "EXT 2013"]
[Source "ChessBase"]
[SourceDate "2012.11.22"]
[SourceVersion "1"]
[SourceVersionDate "2012.11.22"]
[SourceQuality "1"]

1. e4 e5 2. Nf3 Nc6 3. Bc4 Bc5 4. d3 h6 5. 0-0 Nf6 6. c3 0-0 7. Bb3 d6 8. h3 a6 9. Nbd2 Be6 10. Bc2 d5 11. exd5 Nxd5 12. Ne4 Bb6 13. Re1 Qd7 14. Ng3 Nf6 15. Nxe5 Nxe5 16. Rxe5 Qd6 17. d4 c5 18. Ne4 Nxe4 19. Rxe4 cxd4 20. Qd3 Bf5 21. Rxd4 Bxd3 22. Rxd6 Bxf2+ 23. Kxf2 Bxc2 24. Bf4 Bf5 25. g4 Be4 26. Re1 Bc6 27. g5 hxg5 28. Bxg5 f6 29. Bh4 Rad8 30. Rde6 Rd2+ 31. R1e2 Rxe2+ 32. Rxe2 Rd8 33. Kg1 Bb5 34. Rg2 Rd1+ 35. Kh2 Bc6 36. Rf2 Rh1+ 37. Kg3 Rg1+ 38. Kh2 Rg6 39. Bg3 Rh6 40. Bf4 Rh5 41. Kg3 Bd7 42. Bc1 Rxh3+ 43. Kg2 Rh4 44. Kg3 Rh1 45. Bf4 Rb1 46. Be3 Bc6 47. a3 Rg1+ 48. Kh2 Re1 49. Bd4 Kh7 50. Kg3 Re4 51. Kh3 Bd7+ 52. Kg3 f5 53. Rf4 Re6 54. Kf3 Bc6+ 55. Kg3 Be4 56. Rh4+ Kg8 57. a4 Rg6+ 58. Kf4 Rg2 59. b4 g5+ 0-1